Hydrologia - Statystyki

Ogólne statystyki
  • Ten quiz został rozwiązany 7 razy
  • Średni wynik to 21 z 97
Statystyki odpowiedzi
Hint Odpowiedź % Poprawnych
Obszar, z którego wszystkie wody powierzchniowe spływają do jednego punktu. zlewnia
100%
Obszar, z którego wszystkie wody powierzchniowe spływają do jednej, głównej rzeki i jej dopływów. dorzecze
60%
Jeziora powstałe w wyniku działalności rzek. jeziora fluwialne
40%
Jeziora przy brzegach mórz. Oddzielone od niego mierzeją. jeziora przybrzeżne
40%
Masa lodu, pozostająca w ciągłym, powolnym ruchu, powstająca w wyniku nagromadzenia dużej ilości śniegu i przekształcenia go w lód. lodowiec
40%
Rzeki okresowo, ale regularnie prowadzące wodę w porze wilgotnej. rzeki okresowe
40%
Rzeki stale płynące, zasilane przez wody podziemne i spływ powierzchniowy. rzeki stałe
40%
Podstawowy czynnik wywołujący mieszanie się wody w jeziorze. wiatr
40%
Źródło, którego wody wypływają w wyniku działania siły grawitacji. źródło zstępujące
40%
Sytuacja, w której temperatura wody jeziora obniża się wraz z głębokością. anotermia
20%
Część misy jeziornej wypełniona wodą, ograniczona maksymalną rzędną poziomu wody. czasza jeziorna
20%
Dwukrotne mieszanie się wody w jeziorze w ciągu roku. dimiksja
20%
Najkrótsza odległość między najbardziej odległymi punktami jeziora, wzdłuż linii nie wychodzącej poza obręb jeziora (w m lub km) (L). długość jeziora
20%
Długość brzegu jeziora mierzona wzdłuż izobaty 0 m (wzdłuż linii brzegu). długość linii brzegowej
20%
Jest mierzona wzdłuż linii nurtu. długość rzeki
20%
Lodowce poruszające się w jednym kierunku. dolinne, dendryczne, karowe
20%
Warstwa wierzchnia jeziora, mieszana przez wiatr. epilimnion
20%
Fale morskie, związane z przemieszczaniem się układów barycznych. fale baryczne
20%
Fale morskie, powstałe przy ruchu ciał stałych w wodzie. fale okrętowe
20%
Fale morskie, wywołane przez siły pływotwórcze Księżyca i Słońca. fale pływowe
20%
Fale morskie, powstałe podczas trzęsień dna morskiego i przy wybuchach podwodnych wulkanów. fale sejsmiczne
20%
Fale utrzymujące się po ustaniu działania sił zewnętrznych. fale swobodne
20%
Fale morskie, wywołane przez wiatr. fale wiatrowe
20%
Charakterystyka misy jeziornej (2), najgłębsze miejsce w czaszy jeziora. głębokość maksymalna
20%
Charakterystyka misy jeziornej (3), iloraz pojemności jeziora i jego powierzchni. głębokość średnia
20%
Charakterystyka misy jeziornej (4), stosunek głębokości maksymalnej do pierwiastka powierzchni jeziora. głębokość względna
20%
Sytuacja, w której temperatura wody jest stała, wymieszana od powierzchni do dna. homotermia
20%
Warstwa przydenna jeziora, o stałej, niskiej temperaturze. hypolimnion
20%
Jeziora, którego wody nie mieszają się. jeziora amiktyczne
20%
Jeziora, których misy jeziorne zostały ukształtowane przez wiatr. jeziora eoliczne
20%
Jeziora żyzne, o dużej ilości biogenów. Woda wykazuje małą przezroczystość. jeziora eutroficzne
20%
Jeziora uformowane w wyniku działania lodowca (np. Śniardwy, Gopło). jeziora glacjalne
20%
Jeziora uformowane w wyniku procesów krasowych. jeziora krasowe
20%
Jeziora o średniej żyzności. jeziora mezotroficzne
20%
Jeziora, którego wody regularnie się mieszają. jeziora miktyczne
20%
Jeziora jałowe, znikoma ilość biogenów. jeziora oligotroficzne
20%
Jeziora uformowane w wyniku procesów masowych lub osuwiskowych. jeziora osuwiskowe
20%
Jeziora, których geneza jest złożona. jeziora poligenetyczne
20%
Jeziora, w których wody mieszają się często w ciągu roku. jeziora polimiktyczne
20%
Jeziora uformowane w wyniku procesów tektonicznych (np. Bajkał, Jezioro Aralskie). jeziora tektoniczne
20%
Jeziora uformowane w wyniku procesów wulkanicznych (np. Toba, Yellowstone). jeziora wulkaniczne
20%
Zbiornik wodny wypełniający naturalną nieckę śródlądową, niemający swobodnej wymiany wód z morzem. jezioro
20%
Sytuacja, w której temperatura wody wzrasta wraz z głębokością do ok. 4 st. Celsjusza. katotermia
20%
Najniższa część doliny rzecznej, wyżłobiona przez rzekę. koryto
20%
Lodowce o zwartej powierzchni, poruszające się w różnych kierunkach. lądolody
20%
Nagromadzenie rumowiska w środkowej części koryta rzecznego. Przyjmują czasem formę mielizn, wysp. ławica
20%
Koryto rzeki wraz z równiną zalewową. łożysko
20%
Warstwa środkowa jeziora, skokowa, skoku termicznego. metalimnion
20%
Naturalna forma wklęsła terenu, wypełniona częściowo wodą. misa jeziorna
20%
Powierzchniowe, nieskupione wypływy wód podziemnych. Zwykle zabagnione, zatorfione. młaki
20%
Mieszanie się wody jeziornej raz w roku. monomiksja
20%
Okres niskich stanów wody poniżej strefy stanów średnich, trwający min. kilkanaście dni. niżówka
20%
Tworzą plaże po stronie wypukłej brzegu rzeki. odsypiska
20%
Przedstawianie metodą izolinii ukształtowanie czaszy jeziora. plan batymetryczny
20%
Głębokie części koryta, występujące pod brzegiem wklęsłym. plosa
20%
Zatapiana czasem część sucha jeziora położona powyżej maksymalnego stanu zwierciadła wody. pobrzeże
20%
Charakterystyka misy jeziornej (1). pojemność jeziora
20%
Prądy, powstające w wyniku pionowego ruchu wód w jeziorze, związane z różnicą gęstością. prądy gęstościowe
20%
Prądy w jeziorze powstające pod wpływem dopływu wód rzecznych lub odpływu wód jeziornych do rzeki. prądy przepływowe
20%
Prądy w jeziorze powstające w wyniku oddziaływania wiatru. prądy wiatrowe
20%
Płytka część dna oddzielająca plosa. przemiał
20%
Część dna doliny zalewana podczas stanów wysokich wód. równina zalewowa
20%
Rumowisko rozpuszczone, związki chemiczne. roztwory
20%
Rzeki prowadzące wodę nieregularnie, sporadycznie. Charakterystyczne dla strefy suchej. rzeki epizodyczne
20%
Rzeki zasilane przez wody podziemne i spływ powierzchniowy, zanikające w czasie długotrwałej suszy. rzeki sporadycznie wysychające
20%
Ruch wody morskiej charakteryzujący się kołysaniem wód, w wyniku różnicy ciśnień. sejsze
20%
Ruch wody jeziornej polegający na kołysaniu zwierciadła wody. sejsze
20%
Ogólne określenie rzeki głównej i jej dopływów. sieć rzeczna
20%
Strefa jeziora najwyżej położona, otoczona przez brzeg. strefa przybrzeżna
20%
Strefa nagłego wzrostu głębokości jeziora. strefa stoku
20%
Największa odległość między przeciwległymi brzegami jeziora mierzona wzdłuż linii prostopadłej do linii długości jeziora (w m lub km). szerokość maksymalna jeziora
20%
Stosunek powierzchni jeziora (A0) do jego długości (L). szerokość średnia jeziora
20%
Głazy i odłamki skalne, przetaczane lub tylko przesuwane po dnie rzeki. toczyny
20%
Rumowisko unoszone, najdrobniejsza frakcja mineralna i cząstki organiczne, których ciężar właściwy jest większy od ciężaru właściwego wody. unosiny
20%
Ustrój rzeki, w której główne wezbranie spowodowane jest opadami, a drugie roztopami. ustrój deszczowo-śnieżny
20%
Ustrój rzeki, w której przepływy związane są z intensywnością opadów. ustrój deszczowy
20%
Ustrój rzeki, w której stany wód zależą od intensywności topnienia lodowców. ustrój lodowcowy
20%
Ustrój rzeki, charakteryzujący się jednym okresem niskich przepływów i jednym okresem wysokich przepływów. ustrój prosty
20%
Ustrój rzeki, w której główne wezbranie spowodowane jest roztopami, a drugie, mniejsze letnimi opadami. ustrój śnieżno-deszczowy
20%
Ustrój rzeki, w której wysokie przepływy występują podczas roztopów. ustrój śnieżny
20%
Ustrój rzeki, w której wysokie stany wody występują wcześniej niż w ustroju lodowcowym, związane z topnieniem śniegu w górach. ustrój śnieżny górski
20%
Ustój rzeki, która zasilana jest z więcej niż dwóch źródeł. ustrój złożony
20%
Wzniesienie zwierciadła wody ponad strefę stanów średnich (np. deszczowe, roztopowe). wezbranie
20%
Rumowisko, wleczone po dnie rzeki, nie tracące kontaktu z dnem (otoczaki, żwiry, piaski). wleczyny
20%
Dające odpływ lokalne zawilgocenie terenu. wyciek
20%
Lokalne zawilgocenie terenu. Najczęściej u podstawy stoku. Nie daje odpływu. wysięk
20%
Może być podziemne, powierzchniowe. zasilanie rzeki
20%
Rumowisko, składające się przeważnie z materiału organicznego, którego ciężar właściwy jest mniejszy od ciężaru właściwego wody. zawiesiny
20%
Obszar lądowy, z którego wszystkie wody powierzchniowe i podziemne spływają do jednego morza lub oceanu. zlewisko
20%
Skoncentrowany, naturalny wypływ wód podziemnych pod wpływem siły grawitacyjnej lub ciśnienia hydrostatycznego na przecięciu warstwy wodonośnej z powierzchnią terenu. źródło
20%
Źródło, którego wody wypływają w wyniku działania siły ciśnienia hydrostatycznego. źródło ascenzyjne
20%
Jeziora, których mieszanie obejmuje cały akwen. jeziora kolomiktyczne
0%
Jeziora, których mieszanie obejmuje część akwenu. jeziora meromiktyczne
0%
Mieszanie się tylko warstwy wierzchniej w jeziorze. miksolimnion
0%
Mieszanie się tylko warstwy dennej w jeziorze. monimolimnion
0%
Charakterystyka misy jeziornej (5) określający kształt misy jeziornej. wskaźnik głębokościowy jeziora
0%
Właściwe dno jeziora. zagłębienie śródjeziorne
0%
Nie znaleziono quizów pasujących do podanych kryteriów
Rozkład punktacji
Procent ludzi z każdym wynikiem
Percentyl według liczby udzielonych odpowiedzi
Twoja historia wyników
Nie rozwiązałeś tego quizu